00523 a2200181 450000100060000002000180000604000240002410000220004824000430007024500380011330000080015136200090015944000180016865000260018694200070021295201050021999900170032446364 a9788506061053 cAnchieta - Aquarius aStrufaldi, Silvia10a=Os ziskisitos e o quadro roubadolpor10a=Os ziskisitos e o quadro roubado a1740 a2010 1aMelhoramentos 4aLiteratura brasileira cBK 00104070a87.1b87.1d2023-11-21l0o869.93 STR OSZp4118/AQUr2023-11-21 15:12:51w2023-11-21yBK c46364d46364